Culture générale aléatoire #2 - Statistiques

Statistiques générales
  • Ce quiz a été pris 336 fois
  • Le résultat moyen est 9 sur 20
Statistiques - réponses
Hint Réponse % Correct
Plus long fleuve du monde Nil
86%
Pays dont Ho Chi Minh fut le premier président Viet Nam
78%
Célèbre instrument Hawaïen Ukulélé
64%
Invention associée (à tort) à Thomas Edison Ampoule
58%
Cofondateur d'Astérix et Obélix avec René Goscinny Albert Uderzo
57%
Nom donné au drapeau du Royaume Uni Union Jack
56%
Artiste ayant peint Les Nymphéas Claude Monet
53%
Déesse Romaine de la chasse Diane
51%
Animal associé à l'équipe nationale d'Algérie Fennec
50%
Plante souvent utilisée pour symboliser la paix Olivier
50%
Acteur incarnant James Bond dans "Casino Royale" Daniel Craig
49%
Ville du sud de la France célèbre pour ses melons Cavaillon
44%
Société de production à l'origine du film Kung-Fu Panda Dreamworks
40%
Père de Charlemagne Pépin Le Bref
38%
Préfecture du Tarn Albi
35%
Prénom du Professeur Tournesol Tryphon
28%
Montagne peinte près de 80 fois par Paul Cézanne Sainte Victoire
27%
Empereur Romain mais aussi philosophe du IIe siècle après J.C Marc-Aurèle
17%
Compositeur du "Clavier bien tempéré" Jean-Sébastien Bach
10%
Homme politique obtenant l'indépendance du Kenya Jomo Kenyatta
3%
Aucun quiz correspondant
Distribution des résultats
% des personnes avec chaque résultat
Percentile par nombre de réponses
Votre historique - résultats
Vous n’avez pas pris ce quiz